Catalog

Record Details

Catalog Search



Integrovaná výskumná úloha : Čo hovorí biblia o autoritách štátu ; = Integrovaná výskumná úloha Cover Image Book Book

Integrovaná výskumná úloha : Čo hovorí biblia o autoritách štátu ; = Integrovaná výskumná úloha Ondrej Lupták ; Vedoucí úlohy: Karol Gábriš Recenzenti: Josef Smolík, L'udovít Fazekaš

Lupták, Ondrej (Author).

Record details

  • ISBN: 80-967730-7-0
  • Physical Description: 105 s.
  • Publisher: Banská Bystrica Pedagogická fakulta Univerzity Mateja Bela 1998

Available copies

  • 1 of 1 copy available at Common Catalog SPOK.

Holds

  • 0 current holds with 1 total copy.
Show Only Available Copies
Location Call Number / Copy Notes Barcode Shelving Location Status Due Date
ETS Library 261.7 424470010310 Volný výběr Available -

LDR 00864nam a2 00241
00132542
003CZ-PrJAB
00520040329000000.0
008021009s1998 xo e |||| |slo
009sk
020 . ‡a80-967730-7-0
035 . ‡a(CONS)4248
035 . ‡aKPS11073
040 . ‡aABG450
041 . ‡aslo
08214. ‡a261.7
100 . ‡75301 ‡aLupták, Ondrej
245 . ‡aIntegrovaná výskumná úloha : ‡bČo hovorí biblia o autoritách štátu ; = Integrovaná výskumná úloha ‡cOndrej Lupták ; Vedoucí úlohy: Karol Gábriš Recenzenti: Josef Smolík, L'udovít Fazekaš
260 . ‡aBanská Bystrica ‡bPedagogická fakulta Univerzity Mateja Bela ‡c1998
300 . ‡a105 s.
653 . ‡aIntegrovaná výskumná úloha Čo hovorí biblia o autoritách štátu
8524 . ‡bETS ‡bETS ‡cVolný výběr ‡j261.7 ‡gA ‡p424470010310
910 . ‡aABG450
999 . ‡a4248 ‡bAUTOGEN ‡c4248 ‡tbiblio
905 . ‡uadmin
901 . ‡a32542 ‡b ‡c32542 ‡tbiblio ‡sets

Additional Resources